01004 a2200265 450000500170000000800410001702000180005804000180007605000220009410000290011624501140014526000410025930000360030033600090033633700150034533800110036050400510037165000400042265000240046265000340048670000250052094200090054599900190055495201650057320260409093132.0260409b |||||||| |||| 00| 0 eng d a9781787389441 aLCcUNZAeRDA aHF 1413bMAN 2024 aMangeni, Franciseauthor aBorderless Africa : ba sceptics guide to the continental free trade area /cFrancis Mangeni and Andreq Mold. aLondon :bC. Hurst & Company,c2024. axi, 417 pages :billustrations. aText aUnmediated aVolume aIncludes bibliographical references and index. 2African Continental Free Trade Area 2Free tradez Africa 2International trade z Africa aMold, Andreweauthor cBOOK c216550d216550 00102lcc40708NFICaMAINbMAINcON-SHELFd2026-04-08eDonationg300.00l0oHF 1413 MAN 2024p33729006812544r2026-04-08 08:58:00t1v300.00w2026-04-08yBOOK